000 00790nam a2200289Ia 4500
005 20250425162458.0
008 250425s9999 xx 000 0 und d
020 _a9788483223444
041 _aspa
043 _asp
082 _a658.4092
100 _aYUKI, GARY
245 0 _aLIDERAZGO EN LAS ORGANIZACIONES
250 _a6A ED.
260 _aEspaña
_bPEARSON EDUCACION
_c2008
260 _aMADRID
300 _a531
500 _acontine referencias, índice analítico
500 _aTítulo Traducido: LEARDERSHIP IN ORGANIZATIONS
650 _aGESTION EMPRESARIAL
650 _aLIDERAZGO ORGANIZACIONAL
650 _aORGANIZACIONES EMPRESARIALES
700 _aYago Moreno Lopez
_etraductor
710 _aPEARSON EDUCATION S.A.
942 _c01
010 _a76744
999 _c230077
_d230077